[Event "FRA-ch U16"]
[Site "Belfort"]
[Date "2017.04.16"]
[Round "1.3"]
[White "Meunier Pion, Jean"]
[Black "Niepceron, Aurelien"]
[Result "0-1"]
[WhiteElo "2226"]
[BlackElo "1803"]
[PlyCount "120"]
[EventDate "2017.04.16"]
[EventType "swiss"]
[EventRounds "9"]
[EventCountry "FRA"]
[SourceTitle "EXT 2019"]
[Source "ChessBase"]
[SourceDate "2018.10.10"]
[SourceVersion "1"]
[SourceVersionDate "2018.10.10"]
[SourceQuality "1"]

1. e4 c5 2. Nf3 d6 3. d4 cxd4 4. Nxd4 Nf6 5. Nc3 a6 6. h3 e6 7. g4 Be7 8. Bg2 Qc7 9. Be3 Nc6 10. Qd2 Rb8 11. f4 Na5 12. b3 b5 13. a3 Bb7 14. g5 Nd7 15. 0-0 Rc8 16. Nde2 Nc6 17. Rad1 0-0 18. h4 Qa5 19. f5 Qxa3 20. f6 gxf6 21. gxf6 Bxf6 22. Rxf6 Nxf6 23. Bd4 Nxd4 24. Qg5+ Kh8 25. Qxf6+ Kg8 26. Rxd4 Qc5 27. e5 dxe5 28. b4 Qb6 29. Bxb7 Rxc3 30. Qg5+ Kh8 31. Qf6+ Kg8 32. Qxe5 f6 33. Qe4 Rc7 34. Qe3 Qxb7 35. Qxe6+ Kh8 36. Kf2 Rg7 37. Nf4 Qc7 38. Qf5 Qe5 39. Qd3 Rg4 40. Kf3 Rfg8 41. Ne2 Rg3+ 42. Nxg3 Rxg3+ 43. Kf2 Rxd3 44. Rxd3 Qf4+ 45. Ke2 Qxh4 46. c3 h5 47. Rd8+ Kg7 48. Rd7+ Kg6 49. Ra7 Qh2+ 50. Kd3 Qg3+ 51. Ke4 Qg4+ 52. Kd5 Qc8 53. Ke4 h4 54. c4 bxc4 55. b5 c3 56. b6 c2 57. b7 Qb8 58. Ra8 Qxb7+ 59. Kf4 c1Q+ 60. Kg4 Qg5+ 0-1

[Event "Agneaux St Lo U16 op 17th"]
[Site "Agneaux"]
[Date "2015.07.08"]
[Round "5"]
[White "Niepceron, Aurelien"]
[Black "Mathet, Jeremy"]
[Result "1/2-1/2"]
[WhiteElo "1859"]
[BlackElo "1692"]
[PlyCount "47"]
[EventDate "2015.07.03"]
[EventType "swiss"]
[EventRounds "9"]
[EventCountry "FRA"]
[SourceTitle "EXT 2016"]
[Source "ChessBase"]
[SourceDate "2015.10.08"]
[SourceVersion "1"]
[SourceVersionDate "2015.10.08"]
[SourceQuality "1"]

1. e4 e6 2. d4 d5 3. Nd2 Nf6 4. e5 Nfd7 5. Bd3 c5 6. c3 Nc6 7. Ne2 cxd4 8. cxd4 f6 9. exf6 Nxf6 10. Nf3 Bd6 11. 0-0 0-0 12. Bf4 Bxf4 13. Nxf4 Qd6 14. g3 Ne4 15. Bxe4 dxe4 16. Ng5 Nxd4 17. Nxe4 Qb6 18. Ng5 e5 19. Qd3 Qh6 20. Qc4+ Kh8 21. h4 Nf3+ 22. Nxf3 exf4 23. Ng5 Qf6 24. Rad1 1/2-1/2

[Event "FRA-chT U20"]
[Site "Lille"]
[Date "2013.12.08"]
[Round "3.5"]
[White "Niepceron, Aurelien"]
[Black "Demais, Traian"]
[Result "1-0"]
[WhiteElo "1571"]
[BlackElo "1300"]
[PlyCount "91"]
[EventDate "2013.12.07"]
[EventType "team-match"]
[EventRounds "5"]
[EventCountry "FRA"]
[SourceTitle "EXT 2015"]
[Source "ChessBase"]
[SourceDate "2014.11.20"]
[SourceVersion "1"]
[SourceVersionDate "2014.11.20"]
[SourceQuality "1"]

1. e4 c5 2. Nf3 Nc6 3. d4 cxd4 4. Nxd4 Qc7 5. Nc3 e6 6. Be2 Nf6 7. Bg5 Be7 8. Bxf6 Bxf6 9. Ndb5 Qb8 10. Nd6+ Ke7 11. Nc4 Rd8 12. f4 Qxf4 13. g3 Bxc3+ 14. bxc3 Qxe4 15. Qd6+ Ke8 16. Kd2 Qd5+ 17. Qxd5 exd5 18. Nd6+ Ke7 19. Nf5+ Kf6 20. Rhf1 g6 21. Nd6+ Ke7 22. Nxf7 Rf8 23. Ng5 Rxf1 24. Rxf1 Ne5 25. Nxh7 d6 26. Rf8 a6 27. Bf3 Nxf3+ 28. Rxf3 Bd7 29. Ng5 Rh8 30. Re3+ Kf8 31. h4 Kg7 32. Re7+ Kf6 33. Rxd7 Rf8 34. Nh7+ Kf5 35. Nxf8 Kg4 36. Rxd6 Kxg3 37. Rxg6+ Kxh4 38. Ke3 b5 39. Kf4 Kh3 40. Rg4 a5 41. Kf3 b4 42. cxb4 axb4 43. Ng6 Kh2 44. Nf4 Kh1 45. Kf2 Kh2 46. Rh4# 1-0

[Event "FRA-chT U20 16 GP Haute 1213"]
[Site "France"]
[Date "2013.05.18"]
[Round "8"]
[White "Burri, Quentin"]
[Black "Niepceron, Aurelien"]
[Result "1-0"]
[WhiteElo "1886"]
[BlackElo "1440"]
[PlyCount "43"]
[EventDate "2012.12.01"]
[EventType "team"]
[EventRounds "11"]
[EventCountry "FRA"]
[SourceTitle "EXT 2014"]
[Source "ChessBase"]
[SourceDate "2013.11.20"]
[SourceVersion "1"]
[SourceVersionDate "2013.11.20"]
[SourceQuality "1"]
[WhiteTeam "Mulhouse (U20)"]
[BlackTeam "Agneaux Saint Lo (U20)"]
[WhiteTeamCountry "FRA"]
[BlackTeamCountry "FRA"]

1. e4 c5 2. Nf3 e6 3. d4 cxd4 4. Nxd4 Nf6 5. Nc3 d6 6. Be2 Be7 7. 0-0 0-0 8. f4 Re8 9. Kh1 a6 10. a4 Bd7 11. e5 dxe5 12. fxe5 Nd5 13. Nxd5 exd5 14. Bh5 Rf8 15. Bf3 Nc6 16. Bxd5 Nxd4 17. Qxd4 Qc8 18. c4 Rb8 19. Bd2 b5 20. axb5 axb5 21. Bc3 bxc4 22. e6 1-0

[Event "FRA-chT U20"]
[Site "France"]
[Date "2012.05.28"]
[Round "?"]
[White "Sahki, Saphir"]
[Black "Niepceron, Aurelien"]
[Result "1-0"]
[WhiteElo "1628"]
[BlackElo "1370"]
[PlyCount "99"]
[EventDate "2012.05.26"]
[EventType "team-swiss"]
[EventRounds "9"]
[EventCountry "FRA"]
[SourceTitle "EXT 2014"]
[Source "ChessBase"]
[SourceDate "2013.11.20"]
[SourceVersion "1"]
[SourceVersionDate "2013.11.20"]
[SourceQuality "1"]

1. e4 g6 2. d4 Bg7 3. Nf3 d6 4. Bc4 Nf6 5. Nc3 0-0 6. 0-0 Bg4 7. Be3 Nfd7 8. h3 Bxf3 9. Qxf3 c5 10. d5 Ne5 11. Qe2 Nxc4 12. Qxc4 Nd7 13. f4 Re8 14. Rfd1 Nb6 15. Qe2 e6 16. dxe6 Rxe6 17. Bxc5 d5 18. e5 Rc8 19. Qf2 f6 20. Bxb6 Qxb6 21. Qxb6 axb6 22. Rxd5 fxe5 23. Re1 Rce8 24. Rd7 R6e7 25. Rd6 exf4 26. Red1 Re6 27. R6d3 Kf7 28. Nd5 Be5 29. Rb3 Rd8 30. c4 g5 31. a4 Rd7 32. Rd2 h5 33. Rbd3 g4 34. Nxf4 Rxd3 35. Nxd3 Bd4+ 36. Kh2 Rd6 37. g3 Bxb2 38. Rxb2 Rxd3 39. hxg4 hxg4 40. Rxb6 Rd2+ 41. Kg1 Rd1+ 42. Kf2 Rd2+ 43. Ke3 Rc2 44. Rxb7+ Kf6 45. Rb4 Ke5 46. Rb5+ Kd6 47. Rd5+ Kc6 48. Rd4 Ra2 49. Rxg4 Rxa4 50. Kd4 1-0

[Event "FRA-chT U20"]
[Site "France"]
[Date "2012.05.27"]
[Round "?"]
[White "Niepceron, Aurelien"]
[Black "Strohl, Gregoire"]
[Result "0-1"]
[WhiteElo "1370"]
[BlackElo "1592"]
[PlyCount "86"]
[EventDate "2012.05.26"]
[EventType "team-swiss"]
[EventRounds "9"]
[EventCountry "FRA"]
[SourceTitle "EXT 2014"]
[Source "ChessBase"]
[SourceDate "2013.11.20"]
[SourceVersion "1"]
[SourceVersionDate "2013.11.20"]
[SourceQuality "1"]

1. e4 c5 2. Nf3 e6 3. d4 cxd4 4. Nxd4 Nf6 5. Nc3 d6 6. Be2 Be7 7. 0-0 0-0 8. Be3 Nc6 9. Nb3 a6 10. a4 Bd7 11. f4 Nb4 12. Kh1 Rc8 13. a5 d5 14. e5 Ne4 15. Nxe4 dxe4 16. c3 Nd5 17. Bg1 f5 18. exf6 Nxf6 19. Bb6 Qe8 20. Qd4 Bc6 21. Bc4 Bd5 22. Bxd5 exd5 23. Nc5 Qc6 24. b4 Bd8 25. Bxd8 Rfxd8 26. Rfc1 Re8 27. Qe3 Rc7 28. Rc2 Nd7 29. Na4 Qc4 30. Nb2 Qc6 31. Rd1 Nf6 32. Rd4 b5 33. axb6 Qxb6 34. Na4 Qb5 35. Nc5 Ng4 36. Qe2 Rxc5 37. bxc5 Qb1+ 38. Rd1 Nf2+ 39. Kg1 Nxd1 40. Qd2 Ne3+ 41. Kf2 Qxc2 42. Kxe3 Qxd2+ 43. Kxd2 a5 0-1

[Event "FRA-chT U20 0809"]
[Site "Sautron"]
[Date "2009.01.03"]
[Round "5.10"]
[White "Niepceron, Aurelien"]
[Black "Ariza, Thomas"]
[Result "0-1"]
[WhiteElo "1120"]
[BlackElo "1190"]
[PlyCount "79"]
[EventDate "2008.10.??"]
[EventType "team-tourn"]
[EventRounds "11"]
[EventCountry "FRA"]
[SourceTitle "EXT 2010"]
[Source "ChessBase"]
[SourceDate "2010.11.25"]
[SourceVersion "1"]
[SourceVersionDate "2010.11.25"]
[SourceQuality "1"]

1. e4 e5 2. Nf3 Nc6 3. Nc3 Nf6 4. Bb5 a6 5. Bxc6 dxc6 6. d3 Bc5 7. 0-0 0-0 8. Bg5 h6 9. Bxf6 Qxf6 10. Qc1 Qg6 11. Nxe5 Qe6 12. Nf3 Bd6 13. Qe3 Qg6 14. d4 Bh3 15. Nh4 Qf6 16. Qxh3 Be7 17. e5 Qxh4 18. Qxh4 Bxh4 19. g3 Be7 20. d5 c5 21. Rad1 Rad8 22. a3 f6 23. e6 f5 24. Ne2 c6 25. Nf4 g5 26. Ng6 Rfe8 27. Rd3 cxd5 28. Rf3 Kg7 29. Nxe7 Rxe7 30. Rxf5 Rxe6 31. Rd1 Re2 32. Kf1 Rxc2 33. Re5 Rxb2 34. Re7+ Kg6 35. Rde1 d4 36. R1e6+ Kh5 37. h3 Ra2 38. g4+ Kh4 39. Kg2 c4 40. Rh7 0-1